| 000 | 00386pam a2200145 a 4500 | ||
|---|---|---|---|
| 020 |
_a9780729539418 _c |
||
| 041 | _aeng | ||
| 082 |
_a617.3 _bCAM |
||
| 100 | _aCAMERON M . SELIG S . HEMPHILL D . . | ||
| 245 |
_aCLINICAL EXERCISE : A CASE BASED APPROACH _hTextual Documents |
||
| 260 |
_bELSEVIER CHIRCHILL _c2011 |
||
| 300 |
_a304: _bXXIII; _cPB. |
||
| 930 | _a7622 | ||
| 999 |
_c802149 _d802149 |
||
| 650 | _aORTHO | ||